Modern Physics and Technology for Undergraduates

Saved in:
Bibliographic Details
Main Authors: Folan, Lorcan M. (Author), Tsifrinovich, Vladimir I. (Author), Berman, Gennady P. (Author)
Format: Book
Language:English
Published: New Jersey : World Scientific, 2003
Subjects:
Tags: Add Tag
No Tags, Be the first to tag this record!

MARC

LEADER 00000nam a22000003a 4500
001 stu82854
005 20150617225635.3
008 031211s2003----xxu-----------------eng-d
020 |a 981-02-4882-2 
040 |a STU  |b slo 
041 0 |a eng 
044 |a xxu 
080 |a 53  |7 stu_us_auth*stu7966 
100 1 |a Folan, Lorcan M.  |4 aut 
245 1 |a Modern Physics and Technology for Undergraduates 
260 |a New Jersey :  |b World Scientific,  |c 2003 
300 |a 144 s 
650 7 |a fyzika  |2 stusub 
700 1 |a Tsifrinovich, Vladimir I.  |4 aut 
700 1 |a Berman, Gennady P.  |4 aut 
996 |b 284M058230  |c M*11231-1  |l MMKN  |s A  |a 24  |w stu82854_0001 
996 |b 284M058641  |c M*11231-2  |l MMKN  |s A  |a 24  |w stu82854_0002